书目信息 |
| 题名: |
纪检监察工作核心法规
|
|
| 作者: | 本书编写组编 | |
| 分册: | ||
| 出版信息: | 北京 中国方正出版社 2018 |
|
| 页数: | 490页 | |
| 开本: | 21cm | |
| 丛书名: | ||
| 单 册: | ||
| 中图分类: | D262.6 , D922.114.9 | |
| 科图分类: | ||
| 主题词: | 行政监察法--中国--汇编 | |
| 电子资源: | ||
| ISBN: | 978-7-5174-0500-9 | |
| 000 | 00741nam0 2200241 450 | |
| 001 | 0104504213 | |
| 005 | 20180710144221.0 | |
| 010 | @a978-7-5174-0500-9@dCNY35.00 | |
| 100 | @a20180524d2018 em y0chiy0120 ea | |
| 101 | 0 | @achi |
| 102 | @aCN@b110000 | |
| 105 | @ay n 000yy | |
| 106 | @ar | |
| 200 | 1 | @a纪检监察工作核心法规@9Ji Jian Jian Cha Gong Zuo He;Hu Xin Fa Gui @f本书编写组编@b专著 |
| 210 | @a北京@c中国方正出版社@d2018 | |
| 215 | @a490页@d21cm | |
| 330 | @a本书分为:纪检工作核心法规、监察工作核心法规上下两篇。 | |
| 601 | 02 | @a中国共产党@x纪律检查@x法规@j汇编 |
| 606 | 0 | @a行政监察法@y中国@j汇编 |
| 690 | @aD262.6@v5 | |
| 690 | @aD922.114.9@v5 | |
| 801 | 0 | @aCN@bAZmarc@c20230905 |
| 905 | @aBZT@dD262.6@e59@f1@sD262.6/59 | |
| 纪检监察工作核心法规/本书编写组编.-北京:中国方正出版社,2018 |
| 490页;21cm |
| ISBN 978-7-5174-0500-9:CNY35.00 |
| 本书分为:纪检工作核心法规、监察工作核心法规上下两篇。 |
| ● |
| 相关链接 |
|
|
|
正题名:纪检监察工作核心法规
索取号:D262.6/59
 
预约/预借
| 序号 | 登录号 | 条形码 | 馆藏地/架位号 | 状态 | 备注 |
| 1 | 2000031507 | 2000031507 | 旧书回溯/ [索取号:D262.6/59] | 在馆 |